000 01206nam a22001937a 4500
003 OSt
005 20260127162232.0
008 260127b |||||||| |||| 00| 0 eng d
020 _a9789366166759
041 _aEng
082 _23rd
_a610.6/CLE
100 _a CLEMENT NISHA
245 _aEssentials of Nursing Management and Leadership Semester-VI
260 _aNew Delhi
_bJaypee Brothers Medical Publishers
_c2025
300 _a638 P
500 _aOffers clear and succinct insights into the latest concepts and trends in nursing leadership and management. Supplies reliable administrative knowledge, best practices, and specific tools necessary for confidently navigating new developments in the nursing management field. Serves as a vital and beneficial resource for nurse leaders, healthcare planners, and policymakers. Valuable for nursing students, hospital examiners, and public health administrators. This book will greatly benefit nursing students and professionals in effectively managing patient care areas. Equips students to cultivate leadership skills and fulfill their roles as effective leaders within an organization.
610 _aAdministration
_9216493
942 _2ddc
_cDB
999 _c370157
_d370157